1776 1719 1920 1827 1527 1763 1751 1573 1620 1036 1875 1419 1592 1134 1877 1721 1719 1606 1864 1801 1087 1214 1680 1477 1242 1313 1666 1185 1955 1259 1129 1482 1419 1487 1521 1673 1851 1447 1676 1831 1436 1035 1876 1360 1540 1661 1600 1519 1231 1302 1293 1361 1863 1674 1731 1455 1648 1270 1711 1353 1250 1922 1156 1870 1445 1139 1146 1882 1308 1546 1059 1206 1492 1231 1106 1454 1598 1207 1816 1140 1249 2000 1780 1404 1436 1126 1952 1203 1809 1647 1018 1272 1476 1369 1557 1553 1790 1201 1433 BCNSPRNW ULIB Ver.6.0+V

เปลี่ยนเป็นภาษาไทย

Change to English
 แสดงรายละเอียดบรรณานุกรม
  กลับหน้าหลัก

Brief Record : Get Marc (ISO 2709) : E-mail record : QR code < ปิดหน้าต่าง
LEADER : 00000nam 2200000uu 4500
001    13399123426
003     ULIB
008    140915s2548||||th 000 0 tha d
099    วจWY100^bจ623ผ
100 0  จุฑากานต์ กิ่งเนตร
245 00 ผลการใช้แผนภาพมโนทัศน์และการเป็นหุ้นส่วนระหว่างนักศึกษาและอาจารย์.....
945    ^p0^l0^i018344
999    ^aเกษร โพธิ์สุวรรณ
รายการนี้ยังไม่มีแท็ก
คุณยังไม่ได้ล็อกอิน คุณสามารถมีกิจกรรมร่วมกับเว็บไซต์ได้ แต่ต้องล็อกอินก่อน ::
  ล็อกอิน

รายการสื่อสารสนเทศ

ลำดับที่ ประเภท เลขเรียก/บาร์โค้ด สถานที่ สถานะ
1. งานวิจัย
งานวิจัย
วจWY100 จ623ผ ฉ.1 
  Barcode: 018344
ห้องสมุดวิทยาเขตสวรรค์ประชารักษ์
►วิจัย
บนชั้น

รายการใกล้เคียง
    ผู้แต่ง [จุฑากานต์ กิ่งเนตร]

BibComment


ยังไม่เคยถูกคอมเมนท์

คอมเมนท์ทรัพยากรรายการนี้
  คอมเมนท์: ผลการใช้แผนภาพมโน..


 Copyright 2026. Bcnsprnw @Library